[Event "ODJM A 2017"]
[Site "Willingen GER"]
[Date "2017.06.06"]
[Round "4"]
[White "Hecht, Carsten"]
[Black "Reuker, Jari"]
[Result "1/2-1/2"]
[Termination "normal"]
[Board "2"]
[WhiteElo "2232"]
[BlackElo "2169"]
[WhiteClock "00:25:40"]
[BlackClock "00:02:01"]
[PlyCount "104"]
[WhiteFideId "24693928"]
[BlackFideId "12909300"]
[EventCountry "GER"]
[EventRounds "9"]
[EventType "swiss"]
[EventDate "2017.06.03"]

1. e4 {[%clk 1:30:59]} 1... c5 {[%clk 1:30:53]} 2. Nf3 {[%clk 1:31:22]} 2... e6
{[%clk 1:31:14]} 3. d4 {[%clk 1:31:47]} 3... cxd4 {[%clk 1:31:39]} 4. Nxd4 {
[%clk 1:32:12]} 4... Nc6 {[%clk 1:31:58]} 5. Nc3 {[%clk 1:32:37]} 5... Qc7 {
[%clk 1:32:25]} 6. Be2 {[%clk 1:33:01]} 6... a6 {[%clk 1:31:02]} 7. O-O { [%clk
1:33:24]} 7... Nf6 {[%clk 1:31:30]} 8. Be3 {[%clk 1:33:47]} 8... Bb4 { [%clk
1:31:39]} 9. Na4 {[%clk 1:34:10]} 9... Be7 {[%clk 1:31:50]} 10. Nxc6 { [%clk
1:34:15]} 10... bxc6 {[%clk 1:32:13]} 11. Nb6 {[%clk 1:34:39]} 11... Rb8 {[%clk
1:32:39]} 12. Nxc8 {[%clk 1:35:03]} 12... Qxc8 {[%clk 1:33:05]} 13. Bd4 {[%clk
1:34:36]} 13... c5 {[%clk 1:32:47]} 14. Be5 {[%clk 1:34:50]} 14... Rb6 { [%clk
1:33:13]} 15. b3 {[%clk 1:33:34]} 15... O-O {[%clk 1:18:00]} 16. Bd3 { [%clk
1:32:35]} 16... d6 {[%clk 1:17:48]} 17. Bb2 {[%clk 1:32:33]} 17... Nd7 { [%clk
1:08:32]} 18. Qe2 {[%clk 1:15:52]} 18... Bf6 {[%clk 0:55:16]} 19. Bxf6 { [%clk
1:14:31]} 19... Nxf6 {[%clk 0:54:45]} 20. e5 {[%clk 1:14:16]} 20... dxe5 {[%clk
0:53:34]} 21. Qxe5 {[%clk 1:12:04]} 21... Rd8 {[%clk 0:53:32]} 22. Rad1 {[%clk
1:06:56]} 22... Rd5 {[%clk 0:42:14]} 23. Qe2 {[%clk 1:06:52]} 23... Rbd6 {[%clk
0:40:09]} 24. Bc4 {[%clk 1:05:34]} 24... Rd4 {[%clk 0:37:04]} 25. c3 { [%clk
1:03:22]} 25... Rxd1 {[%clk 0:37:19]} 26. Rxd1 {[%clk 1:03:43]} 26... Rxd1+
{[%clk 0:34:05]} 27. Qxd1 {[%clk 1:04:08]} 27... Ne8 {[%clk 0:23:06]} 28. Qd3
{[%clk 0:58:58]} 28... a5 {[%clk 0:21:10]} 29. Bb5 {[%clk 0:56:23]} 29... Nf6
{[%clk 0:13:43]} 30. Qd6 {[%clk 0:53:14]} 30... Nd5 {[%clk 0:07:27]} 31. c4
{[%clk 0:42:26]} 31... Nc3 {[%clk 0:07:48]} 32. Ba6 {[%clk 0:39:26]} 32... Qf8
{[%clk 0:05:07]} 33. Qd2 {[%clk 0:38:16]} 33... Nxa2 {[%clk 0:03:57]} 34. Qxa5
{[%clk 0:33:39]} 34... Qd6 {[%clk 0:04:07]} 35. g3 {[%clk 0:33:53]} 35... Nb4 {
[%clk 0:01:36]} 36. Bb7 {[%clk 0:33:38]} 36... g6 {[%clk 0:01:47]} 37. Qa8+ {
[%clk 0:24:44]} 37... Kg7 {[%clk 0:02:08]} 38. Qa1+ {[%clk 0:24:56]} 38... Kg8
{[%clk 0:01:56]} 39. Qa8+ {[%clk 0:25:14]} 39... Kg7 {[%clk 0:01:42]} 40. Qa1+
{[%clk 0:25:39]} 40... e5 {[%clk 0:01:40]} 41. Bd5 {[%clk 0:25:40]} 41... Qf6 {
[%clk 0:24:41]} 42. Qc3 {[%clk 0:53:58]} 42... h5 {[%clk 0:22:50]} 43. h4 {
[%clk 0:50:48]} 43... Qd6 {[%clk 0:19:59]} 44. Qf3 {[%clk 0:48:45]} 44... f6 {
[%clk 0:16:53]} 45. Qd1 {[%clk 0:47:39]} 45... Qd7 {[%clk 0:12:51]} 46. Kf1 {
[%clk 0:27:04]} 46... Qf5 {[%clk 0:09:40]} 47. Qa1 {[%clk 0:25:16]} 47... Nxd5
{[%clk 0:04:42]} 48. Qa7+ {[%clk 0:25:00]} 48... Kh6 {[%clk 0:05:06]} 49. cxd5
{[%clk 0:25:09]} 49... Qd3+ {[%clk 0:05:22]} 50. Kg1 {[%clk 0:25:30]} 50...
Qd1+ {[%clk 0:04:53]} 51. Kh2 {[%clk 0:25:54]} 51... Qxd5 {[%clk 0:05:16]} 52.
Qe7 {[%clk 0:25:40]} 52... f5 {[%clk 0:02:01]} 1/2-1/2

[Event "ODJM A 2017"]
[Site "Willingen GER"]
[Date "2017.06.06"]
[Round "4"]
[White "Parvanyan, Ashot"]
[Black "Diller, Daniel"]
[Result "1-0"]
[Termination "normal"]
[Board "3"]
[WhiteElo "2326"]
[BlackElo "1976"]
[WhiteClock "00:02:32"]
[BlackClock "00:00:33"]
[PlyCount "168"]
[WhiteFideId "13307550"]
[BlackFideId "12908983"]
[EventCountry "GER"]
[EventRounds "9"]
[EventType "swiss"]
[EventDate "2017.06.03"]

1. Nf3 {[%clk 1:30:31]} 1... d5 {[%clk 1:30:38]} 2. g3 {[%clk 1:30:52]} 2...
Nf6 {[%clk 1:30:59]} 3. Bg2 {[%clk 1:31:17]} 3... c6 {[%clk 1:30:17]} 4. O-O {
[%clk 1:31:28]} 4... Bg4 {[%clk 1:30:39]} 5. d3 {[%clk 1:29:59]} 5... Nbd7 {
[%clk 1:26:20]} 6. h3 {[%clk 1:30:06]} 6... Bxf3 {[%clk 1:22:27]} 7. Bxf3 {
[%clk 1:30:31]} 7... e6 {[%clk 1:20:57]} 8. e4 {[%clk 1:23:54]} 8... dxe4 {
[%clk 1:08:52]} 9. dxe4 {[%clk 1:24:18]} 9... Bc5 {[%clk 1:07:07]} 10. Qe2 {
[%clk 1:22:37]} 10... Qc7 {[%clk 1:04:25]} 11. Kh1 {[%clk 1:14:27]} 11... O-O {
[%clk 0:58:01]} 12. a4 {[%clk 1:13:37]} 12... a5 {[%clk 0:55:26]} 13. Nd2 {
[%clk 1:12:15]} 13... e5 {[%clk 0:49:28]} 14. Nc4 {[%clk 1:04:38]} 14... Rfe8 {
[%clk 0:46:16]} 15. Bd2 {[%clk 0:47:44]} 15... Nf8 {[%clk 0:38:27]} 16. Bg2 {
[%clk 0:35:20]} 16... Ne6 {[%clk 0:31:46]} 17. c3 {[%clk 0:35:29]} 17... Bf8 {
[%clk 0:23:43]} 18. Be3 {[%clk 0:31:22]} 18... Nc5 {[%clk 0:17:41]} 19. Bg5 {
[%clk 0:19:56]} 19... Nfd7 {[%clk 0:17:10]} 20. Rfd1 {[%clk 0:19:50]} 20... Nb3
{[%clk 0:16:34]} 21. Rab1 {[%clk 0:18:45]} 21... Ndc5 {[%clk 0:16:30]} 22. Qc2
{[%clk 0:17:22]} 22... f6 {[%clk 0:15:22]} 23. Be3 {[%clk 0:17:29]} 23... b5 {
[%clk 0:11:03]} 24. axb5 {[%clk 0:16:20]} 24... cxb5 {[%clk 0:11:28]} 25. Nd2 {
[%clk 0:08:18]} 25... Nxd2 {[%clk 0:10:24]} 26. Rxd2 {[%clk 0:08:33]} 26...
Red8 {[%clk 0:08:46]} 27. Rbd1 {[%clk 0:08:00]} 27... Rxd2 {[%clk 0:07:02]} 28.
Qxd2 {[%clk 0:07:40]} 28... Kh8 {[%clk 0:06:33]} 29. Bf1 {[%clk 0:04:54]} 29...
Rb8 {[%clk 0:06:26]} 30. f3 {[%clk 0:03:56]} 30... Be7 {[%clk 0:06:15]} 31. Qc2
{[%clk 0:03:40]} 31... a4 {[%clk 0:05:04]} 32. Rd5 {[%clk 0:03:31]} 32... Qc6 {
[%clk 0:04:17]} 33. Qd1 {[%clk 0:01:25]} 33... h6 {[%clk 0:04:05]} 34. h4 {
[%clk 0:00:38]} 34... a3 {[%clk 0:03:17]} 35. bxa3 {[%clk 0:00:45]} 35... Na4 {
[%clk 0:03:38]} 36. Rd7 {[%clk 0:00:33]} 36... Nxc3 {[%clk 0:03:02]} 37. Qd2 {
[%clk 0:00:44]} 37... Bf8 {[%clk 0:02:48]} 38. Rd3 {[%clk 0:00:32]} 38... Na4 {
[%clk 0:02:44]} 39. Rd8 {[%clk 0:00:33]} 39... Qc7 {[%clk 0:01:15]} 40. Rxb8 {
[%clk 0:00:35]} 40... Qxb8 {[%clk 0:01:38]} 41. Qa5 {[%clk 0:06:23]} 41... Bxa3
{[%clk 0:18:45]} 42. Bxb5 {[%clk 0:06:19]} 42... Nb2 {[%clk 0:16:17]} 43. Qb6 {
[%clk 0:03:00]} 43... Qxb6 {[%clk 0:12:57]} 44. Bxb6 {[%clk 0:03:25]} 44... Nd1
{[%clk 0:13:07]} 45. Ba5 {[%clk 0:03:01]} 45... Bb2 {[%clk 0:12:07]} 46. h5 {
[%clk 0:01:37]} 46... Nc3 {[%clk 0:11:07]} 47. Bc4 {[%clk 0:01:22]} 47... Kh7 {
[%clk 0:08:57]} 48. Kg2 {[%clk 0:01:21]} 48... Na4 {[%clk 0:08:20]} 49. Bb4 {
[%clk 0:00:36]} 49... Bd4 {[%clk 0:07:54]} 50. Kh3 {[%clk 0:00:33]} 50... Nc5 {
[%clk 0:06:13]} 51. Kg4 {[%clk 0:00:33]} 51... g6 {[%clk 0:05:06]} 52. Bf7 {
[%clk 0:00:47]} 52... g5 {[%clk 0:04:48]} 53. Kf5 {[%clk 0:00:44]} 53... Kg7 {
[%clk 0:05:15]} 54. Bc4 {[%clk 0:01:02]} 54... Bf2 {[%clk 0:04:39]} 55. Bd5 {
[%clk 0:00:56]} 55... Nd3 {[%clk 0:01:38]} 56. Be7 {[%clk 0:01:18]} 56... Bxg3
{[%clk 0:01:47]} 57. Bxf6+ {[%clk 0:01:28]} 57... Kh7 {[%clk 0:01:31]} 58. Bc4
{[%clk 0:00:59]} 58... Ne1 {[%clk 0:01:03]} 59. Be2 {[%clk 0:00:33]} 59... Ng2
{[%clk 0:00:45]} 60. Bxe5 60... Bxe5 {[%clk 0:00:56]} 61. Kxe5 {[%clk 0:00:47]}
61... Nf4 {[%clk 0:01:22]} 62. Bb5 {[%clk 0:00:37]} 62... Nxh5 {[%clk 0:01:42]}
63. Be8 {[%clk 0:00:34]} 63... Nf4 {[%clk 0:02:00]} 64. Kf6 {[%clk 0:00:42]}
64... Kg8 {[%clk 0:01:51]} 65. Bf7+ {[%clk 0:00:49]} 65... Kf8 {[%clk 0:01:50]}
66. e5 {[%clk 0:00:58]} 66... h5 {[%clk 0:01:09]} 67. e6 {[%clk 0:00:32]} 67...
Nd5+ {[%clk 0:01:00]} 68. Kxg5 {[%clk 0:00:56]} 68... Ke7 {[%clk 0:01:02]} 69.
Kxh5 {[%clk 0:01:16]} 69... Kf6 {[%clk 0:00:39]} 70. Kg4 {[%clk 0:01:33]} 70...
Ne7 {[%clk 0:00:36]} 71. Kf4 {[%clk 0:01:42]} 71... Nd5+ {[%clk 0:00:37]} 72.
Ke4 {[%clk 0:02:03]} 72... Nc3+ {[%clk 0:00:37]} 73. Kd4 {[%clk 0:02:12]} 73...
Ne2+ {[%clk 0:00:35]} 74. Kd5 {[%clk 0:02:12]} 74... Ng3 {[%clk 0:00:32]} 75.
Kd6 {[%clk 0:02:03]} 75... Nf5+ {[%clk 0:00:44]} 76. Kd7 {[%clk 0:02:27]} 76...
Ne7 {[%clk 0:00:44]} 77. Bh5 {[%clk 0:02:33]} 77... Ng8 {[%clk 0:00:38]} 78.
Bg4 {[%clk 0:02:35]} 78... Ne7 {[%clk 0:01:00]} 79. Bh3 {[%clk 0:02:44]} 79...
Ng6 {[%clk 0:01:10]} 80. f4 {[%clk 0:02:37]} 80... Ne7 {[%clk 0:00:55]} 81. Bg2
{[%clk 0:02:41]} 81... Ng6 {[%clk 0:00:36]} 82. Bd5 {[%clk 0:02:52]} 82... Kf5
{[%clk 0:00:43]} 83. Kd6 {[%clk 0:02:14]} 83... Nxf4 {[%clk 0:00:33]} 84. e7 {
[%clk 0:02:32]} 84... Kf6 1-0

[Event "ODJM A 2017"]
[Site "Willingen GER"]
[Date "2017.06.06"]
[Round "4"]
[White "Wensing, Maximilian"]
[Black "Holtel, Jasper"]
[Result "1/2-1/2"]
[Termination "normal"]
[Board "4"]
[BlackTitle "FM"]
[WhiteElo "1922"]
[BlackElo "2297"]
[WhiteClock "00:28:21"]
[BlackClock "00:17:44"]
[PlyCount "52"]
[WhiteFideId "16222415"]
[BlackFideId "12956376"]
[EventCountry "GER"]
[EventRounds "9"]
[EventType "swiss"]
[EventDate "2017.06.03"]

1. e4 {[%clk 1:30:58]} 1... Nf6 {[%clk 1:20:18]} 2. e5 {[%clk 1:30:40]} 2...
Nd5 {[%clk 1:17:05]} 3. c4 {[%clk 1:31:01]} 3... Nb6 {[%clk 1:17:29]} 4. d4 {
[%clk 1:31:25]} 4... d6 {[%clk 1:17:48]} 5. exd6 {[%clk 1:31:25]} 5... cxd6 {
[%clk 1:16:53]} 6. Nc3 {[%clk 1:31:45]} 6... g6 {[%clk 1:17:16]} 7. h3 { [%clk
1:32:04]} 7... Bg7 {[%clk 1:17:41]} 8. Nf3 {[%clk 1:32:29]} 8... O-O { [%clk
1:17:58]} 9. Be2 {[%clk 1:32:56]} 9... Nc6 {[%clk 1:18:12]} 10. O-O { [%clk
1:33:18]} 10... Bf5 {[%clk 1:18:32]} 11. b3 {[%clk 1:28:29]} 11... d5 { [%clk
1:04:26]} 12. Be3 {[%clk 1:14:55]} 12... dxc4 {[%clk 0:56:56]} 13. bxc4 { [%clk
1:14:51]} 13... Na5 {[%clk 0:56:08]} 14. c5 {[%clk 1:08:07]} 14... Nd5 { [%clk
0:53:03]} 15. Nxd5 {[%clk 1:07:27]} 15... Qxd5 {[%clk 0:53:19]} 16. Qa4 { [%clk
1:06:04]} 16... Nc6 {[%clk 0:39:58]} 17. Bc4 {[%clk 1:03:01]} 17... Qd7 { [%clk
0:40:07]} 18. Bb5 {[%clk 0:58:44]} 18... a6 {[%clk 0:39:48]} 19. Bxc6 { [%clk
0:58:59]} 19... Qxc6 {[%clk 0:40:12]} 20. Qxc6 {[%clk 0:57:18]} 20... bxc6
{[%clk 0:38:37]} 21. Bg5 {[%clk 0:56:18]} 21... e6 {[%clk 0:36:40]} 22. Rfe1
{[%clk 0:50:06]} 22... Rfb8 {[%clk 0:24:31]} 23. Re3 {[%clk 0:31:48]} 23...
Rb1+ {[%clk 0:20:41]} 24. Rxb1 {[%clk 0:31:50]} 24... Bxb1 { [%clk 0:21:06]}
25. Ra3 {[%clk 0:30:08]} 25... Be4 {[%clk 0:20:39]} 26. Be3 { [%clk 0:28:21]}
26... Bd5 {[%clk 0:17:44]} 1/2-1/2

[Event "ODJM A 2017"]
[Site "Willingen GER"]
[Date "2017.06.06"]
[Round "4"]
[White "Sabirov, Ramil"]
[Black "Arndt, Magnus"]
[Result "1/2-1/2"]
[Termination "normal"]
[Board "5"]
[WhiteElo "2038"]
[BlackElo "2017"]
[WhiteClock "00:00:45"]
[BlackClock "00:01:21"]
[PlyCount "73"]
[WhiteFideId "12900303"]
[BlackFideId "12998656"]
[EventCountry "GER"]
[EventRounds "9"]
[EventType "swiss"]
[EventDate "2017.06.03"]

1. Nf3 {[%clk 1:30:57]} 1... Nf6 {[%clk 1:30:51]} 2. c4 {[%clk 1:31:22]} 2...
e6 {[%clk 1:30:59]} 3. g3 {[%clk 1:31:48]} 3... d5 {[%clk 1:31:11]} 4. b3 {
[%clk 1:32:04]} 4... Be7 {[%clk 1:29:40]} 5. Bg2 {[%clk 1:32:29]} 5... O-O {
[%clk 1:29:55]} 6. O-O {[%clk 1:32:52]} 6... Nbd7 {[%clk 1:28:42]} 7. Bb2 {
[%clk 1:33:11]} 7... c6 {[%clk 1:27:01]} 8. Nc3 {[%clk 1:19:15]} 8... a5 {
[%clk 1:19:25]} 9. Qc2 {[%clk 1:14:58]} 9... Nb6 {[%clk 1:04:26]} 10. d3 {
[%clk 1:11:55]} 10... Re8 {[%clk 0:58:30]} 11. e4 {[%clk 1:07:53]} 11... Bf8 {
[%clk 0:49:40]} 12. e5 {[%clk 1:00:26]} 12... Nfd7 {[%clk 0:48:20]} 13. Qe2 {
[%clk 0:59:35]} 13... g6 {[%clk 0:32:01]} 14. Rad1 {[%clk 0:55:17]} 14... Bg7 {
[%clk 0:28:31]} 15. d4 {[%clk 0:51:53]} 15... Nf8 {[%clk 0:26:12]} 16. h4 {
[%clk 0:46:32]} 16... Nbd7 {[%clk 0:21:00]} 17. Ba3 {[%clk 0:30:33]} 17... b6 {
[%clk 0:18:36]} 18. Rfe1 {[%clk 0:26:59]} 18... Ba6 {[%clk 0:17:49]} 19. Bd6 {
[%clk 0:25:25]} 19... Rc8 {[%clk 0:16:10]} 20. Bf1 {[%clk 0:24:56]} 20... f6 {
[%clk 0:13:08]} 21. Qd2 {[%clk 0:23:05]} 21... Bb7 {[%clk 0:11:48]} 22. Qf4 {
[%clk 0:16:14]} 22... h6 {[%clk 0:08:57]} 23. Bd3 {[%clk 0:11:36]} 23... f5 {
[%clk 0:06:35]} 24. c5 {[%clk 0:09:35]} 24... b5 {[%clk 0:05:13]} 25. g4 {
[%clk 0:09:02]} 25... Nh7 {[%clk 0:03:51]} 26. Qg3 {[%clk 0:08:40]} 26... Kh8 {
[%clk 0:03:15]} 27. Ne2 {[%clk 0:07:01]} 27... Rg8 {[%clk 0:03:05]} 28. Nf4 {
[%clk 0:06:02]} 28... Ndf8 {[%clk 0:03:27]} 29. Nh3 {[%clk 0:05:23]} 29... Ra8
{[%clk 0:02:41]} 30. Kh2 {[%clk 0:05:17]} 30... Qe8 {[%clk 0:02:35]} 31. Rg1 {
[%clk 0:04:22]} 31... Qf7 {[%clk 0:02:28]} 32. Kg2 {[%clk 0:03:05]} 32... b4 {
[%clk 0:01:27]} 33. Bc2 {[%clk 0:02:17]} 33... Ba6 {[%clk 0:01:50]} 34. Nh2 {
[%clk 0:01:48]} 34... Nd7 {[%clk 0:01:18]} 35. f4 {[%clk 0:01:07]} 35... Bf8 {
[%clk 0:01:07]} 36. Bxf8 {[%clk 0:00:50]} 36... Raxf8 {[%clk 0:01:21]} 37. g5 {
[%clk 0:00:45]} 1/2-1/2

[Event "ODJM A 2017"]
[Site "Willingen GER"]
[Date "2017.06.06"]
[Round "4"]
[White "Weber, Daniel"]
[Black "Isler, Benjamin"]
[Result "1-0"]
[Termination "normal"]
[Board "7"]
[WhiteElo "2058"]
[BlackElo "1740"]
[WhiteClock "00:31:26"]
[BlackClock "00:30:44"]
[PlyCount "84"]
[WhiteFideId "24615498"]
[BlackFideId "12975478"]
[EventCountry "GER"]
[EventRounds "9"]
[EventType "swiss"]
[EventDate "2017.06.03"]

1. d4 {[%clk 1:30:52]} 1... c5 {[%clk 1:30:34]} 2. e3 {[%clk 1:30:51]} 2... Nf6
{[%clk 1:28:14]} 3. Nf3 {[%clk 1:30:38]} 3... e6 {[%clk 1:27:05]} 4. Bd3 {
[%clk 1:30:08]} 4... d5 {[%clk 1:27:19]} 5. b3 {[%clk 1:30:31]} 5... Qb6 {
[%clk 1:19:49]} 6. O-O {[%clk 1:25:00]} 6... Bd7 {[%clk 1:17:21]} 7. Nbd2 {
[%clk 1:20:19]} 7... Bc6 {[%clk 1:08:23]} 8. Bb2 {[%clk 1:16:25]} 8... Nbd7 {
[%clk 1:08:07]} 9. Ne5 {[%clk 1:13:51]} 9... Bd6 {[%clk 1:07:19]} 10. Nxc6 {
[%clk 1:10:05]} 10... bxc6 {[%clk 1:05:25]} 11. c4 {[%clk 1:09:20]} 11... O-O {
[%clk 1:04:13]} 12. Nf3 {[%clk 1:05:22]} 12... Qc7 {[%clk 0:58:44]} 13. Rc1 {
[%clk 1:02:19]} 13... cxd4 {[%clk 0:51:06]} 14. exd4 {[%clk 0:52:32]} 14... Qa5
{[%clk 0:45:00]} 15. Bb1 {[%clk 0:50:58]} 15... Rac8 {[%clk 0:32:37]} 16. Ne5 {
[%clk 0:47:11]} 16... Qd8 {[%clk 0:23:19]} 17. f4 {[%clk 0:34:03]} 17... Ne4 {
[%clk 0:19:46]} 18. Bxe4 {[%clk 0:23:40]} 18... dxe4 {[%clk 0:20:03]} 19. Qe1 {
[%clk 0:18:19]} 19... f5 {[%clk 0:20:14]} 20. Qg3 {[%clk 0:18:14]} 20... Bxe5 {
[%clk 0:18:27]} 21. fxe5 {[%clk 0:16:31]} 21... Nb6 {[%clk 0:14:16]} 22. Rcd1 {
[%clk 0:15:14]} 22... Rf7 {[%clk 0:13:21]} 23. Bc1 {[%clk 0:13:52]} 23... Rd7 {
[%clk 0:11:58]} 24. Be3 {[%clk 0:14:15]} 24... a5 {[%clk 0:09:19]} 25. h4 {
[%clk 0:11:53]} 25... a4 {[%clk 0:09:26]} 26. Kh2 {[%clk 0:11:18]} 26... Ra8 {
[%clk 0:09:04]} 27. Qf2 {[%clk 0:09:02]} 27... Nc8 {[%clk 0:07:31]} 28. g4 {
[%clk 0:07:31]} 28... axb3 {[%clk 0:05:57]} 29. axb3 {[%clk 0:07:14]} 29...
Rda7 {[%clk 0:06:19]} 30. Rd2 {[%clk 0:05:34]} 30... g6 {[%clk 0:05:11]} 31. d5
{[%clk 0:04:57]} 31... Ra2 {[%clk 0:05:06]} 32. Bg5 {[%clk 0:02:30]} 32... Rxd2
{[%clk 0:05:15]} 33. Qxd2 {[%clk 0:02:52]} 33... Qc7 {[%clk 0:04:22]} 34. d6 {
[%clk 0:01:34]} 34... Qd7 {[%clk 0:04:25]} 35. Qb2 {[%clk 0:00:49]} 35... Ra5 {
[%clk 0:03:33]} 36. Ra1 {[%clk 0:00:44]} 36... Rxa1 {[%clk 0:03:22]} 37. Qxa1 {
[%clk 0:01:13]} 37... Qb7 {[%clk 0:03:33]} 38. Qa5 {[%clk 0:00:31]} 38... Nb6 {
[%clk 0:01:31]} 39. c5 {[%clk 0:00:39]} 39... Nd7 {[%clk 0:30:25]} 40. Qd8+ {
[%clk 0:31:26]} 40... Kg7 {[%clk 0:30:44]} 41. Bf6+ Kh6 42. Qh8 g5 1-0

[Event "ODJM A 2017"]
[Site "Willingen GER"]
[Date "2017.06.06"]
[Round "4"]
[White "Schnabel, Bennett"]
[Black "Bui, Hai Lam"]
[Result "1-0"]
[Termination "normal"]
[Board "9"]
[WhiteElo "2137"]
[BlackElo "1916"]
[WhiteClock "00:19:59"]
[BlackClock "00:24:35"]
[PlyCount "79"]
[WhiteFideId "12943290"]
[BlackFideId "12975737"]
[EventCountry "GER"]
[EventRounds "9"]
[EventType "swiss"]
[EventDate "2017.06.03"]

1. e4 {[%clk 1:30:58]} 1... e5 {[%clk 1:30:58]} 2. Nf3 {[%clk 1:30:57]} 2...
Nc6 {[%clk 1:31:24]} 3. Bc4 {[%clk 1:30:08]} 3... Nf6 {[%clk 1:31:51]} 4. d3 {
[%clk 1:29:39]} 4... Bc5 {[%clk 1:26:47]} 5. O-O {[%clk 1:29:20]} 5... O-O {
[%clk 1:26:05]} 6. Bg5 {[%clk 1:28:49]} 6... d6 {[%clk 1:25:10]} 7. Nc3 { [%clk
1:29:04]} 7... Be6 {[%clk 1:25:33]} 8. Bb3 {[%clk 1:22:56]} 8... Kh8 { [%clk
1:22:38]} 9. Na4 {[%clk 1:18:57]} 9... Bb6 {[%clk 1:22:57]} 10. Nxb6 { [%clk
1:19:02]} 10... axb6 {[%clk 1:22:49]} 11. c3 {[%clk 1:18:59]} 11... h6 { [%clk
1:18:55]} 12. Bh4 {[%clk 1:13:13]} 12... g5 {[%clk 1:18:44]} 13. Bg3 { [%clk
1:13:35]} 13... Bg4 {[%clk 1:19:00]} 14. h3 {[%clk 1:11:15]} 14... Bh5 { [%clk
1:19:18]} 15. Re1 {[%clk 1:10:06]} 15... Nd7 {[%clk 1:13:16]} 16. d4 { [%clk
1:02:13]} 16... Qf6 {[%clk 1:13:01]} 17. Re3 {[%clk 0:57:36]} 17... b5 { [%clk
0:55:55]} 18. Qd3 {[%clk 0:51:30]} 18... b4 {[%clk 0:48:42]} 19. dxe5 { [%clk
0:48:44]} 19... Ndxe5 {[%clk 0:47:37]} 20. Nxe5 {[%clk 0:48:42]} 20... dxe5
{[%clk 0:45:07]} 21. cxb4 {[%clk 0:48:20]} 21... Rfd8 {[%clk 0:40:35]} 22. Qb5
{[%clk 0:45:48]} 22... Rd4 {[%clk 0:38:48]} 23. Qxb7 {[%clk 0:43:23]} 23... Ra7
{[%clk 0:38:21]} 24. Bxe5 {[%clk 0:43:09]} 24... Nxe5 {[%clk 0:33:51]} 25. Qxa7
{[%clk 0:42:48]} 25... Rd2 {[%clk 0:33:55]} 26. Rf1 {[%clk 0:37:33]} 26... Be2
{[%clk 0:33:37]} 27. Rxe2 {[%clk 0:35:49]} 27... Rxe2 {[%clk 0:34:02]} 28. Qxc7
{[%clk 0:36:04]} 28... Qf4 {[%clk 0:32:48]} 29. Qc8+ {[%clk 0:35:50]} 29... Kg7
{[%clk 0:32:54]} 30. Qf5 {[%clk 0:35:47]} 30... Rxb2 {[%clk 0:31:55]} 31. Qxf4
{[%clk 0:35:22]} 31... gxf4 {[%clk 0:32:23]} 32. b5 {[%clk 0:34:56]} 32... Nd3
{[%clk 0:31:19]} 33. f3 {[%clk 0:21:38]} 33... Nc5 {[%clk 0:27:20]} 34. Bc4
{[%clk 0:21:58]} 34... Kf6 {[%clk 0:26:33]} 35. Rd1 {[%clk 0:21:51]} 35... Rb4
{[%clk 0:24:55]} 36. Bf1 {[%clk 0:21:40]} 36... Rb2 {[%clk 0:25:03]} 37. Rd5
{[%clk 0:19:54]} 37... Ne6 {[%clk 0:24:06]} 38. a4 {[%clk 0:19:41]} 38... Ra2
{[%clk 0:24:12]} 39. b6 {[%clk 0:19:37]} 39... Rxa4 {[%clk 0:24:35]} 40. b7
{[%clk 0:19:59]} 1-0

[Event "ODJM A 2017"]
[Site "Willingen GER"]
[Date "2017.06.06"]
[Round "4"]
[White "Wanner, Lukas"]
[Black "Reitz, Philipp"]
[Result "1-0"]
[Termination "normal"]
[Board "11"]
[WhiteElo "2002"]
[BlackElo "1954"]
[WhiteClock "00:09:59"]
[BlackClock "00:02:05"]
[PlyCount "73"]
[WhiteFideId "12918148"]
[BlackFideId "12973297"]
[EventCountry "GER"]
[EventRounds "9"]
[EventType "swiss"]
[EventDate "2017.06.03"]

1. e4 {[%clk 1:30:57]} 1... c5 {[%clk 1:30:53]} 2. Nf3 {[%clk 1:31:22]} 2... g6
{[%clk 1:31:18]} 3. d4 {[%clk 1:29:00]} 3... cxd4 {[%clk 1:31:42]} 4. Qxd4 {
[%clk 1:29:15]} 4... Nf6 {[%clk 1:31:57]} 5. e5 {[%clk 1:28:27]} 5... Nc6 {
[%clk 1:31:47]} 6. Qa4 {[%clk 1:28:09]} 6... Nd5 {[%clk 1:31:18]} 7. Qe4 {
[%clk 1:27:20]} 7... Nc7 {[%clk 1:30:54]} 8. Bf4 {[%clk 1:26:16]} 8... b5 {
[%clk 1:28:15]} 9. h4 {[%clk 1:22:38]} 9... Rb8 {[%clk 1:17:01]} 10. h5 { [%clk
1:20:38]} 10... Ne6 {[%clk 1:10:07]} 11. hxg6 {[%clk 1:19:21]} 11... fxg6
{[%clk 1:10:20]} 12. Nc3 {[%clk 1:06:39]} 12... Bb7 {[%clk 1:00:59]} 13. Bd3 {
[%clk 1:02:54]} 13... Bg7 {[%clk 0:53:35]} 14. Qe3 {[%clk 0:54:59]} 14... Qa5 {
[%clk 0:31:23]} 15. Rxh7 {[%clk 0:51:50]} 15... O-O {[%clk 0:29:07]} 16. Rxg7+
{[%clk 0:39:41]} 16... Nxg7 {[%clk 0:27:56]} 17. Bxg6 {[%clk 0:39:54]} 17...
Qb4 {[%clk 0:25:46]} 18. Bg3 {[%clk 0:32:17]} 18... Rxf3 {[%clk 0:12:15]} 19.
Qh6 {[%clk 0:26:40]} 19... Qc4 {[%clk 0:10:42]} 20. Qh7+ {[%clk 0:24:04]} 20...
Kf8 {[%clk 0:10:48]} 21. Qh8+ {[%clk 0:24:28]} 21... Qg8 {[%clk 0:11:11]} 22.
Qxg8+ {[%clk 0:24:51]} 22... Kxg8 {[%clk 0:11:38]} 23. gxf3 {[%clk 0:25:17]}
23... Nd4 {[%clk 0:12:02]} 24. O-O-O {[%clk 0:24:14]} 24... Nge6 { [%clk
0:11:42]} 25. Be4 {[%clk 0:21:24]} 25... Bxe4 {[%clk 0:09:10]} 26. fxe4 { [%clk
0:20:07]} 26... Rc8 {[%clk 0:08:44]} 27. Kb1 {[%clk 0:18:51]} 27... Kf7 { [%clk
0:06:56]} 28. f4 {[%clk 0:15:42]} 28... Rc4 {[%clk 0:06:33]} 29. f5 { [%clk
0:14:31]} 29... Nc5 {[%clk 0:06:20]} 30. Bf2 {[%clk 0:14:08]} 30... Nf3 { [%clk
0:05:42]} 31. Bxc5 {[%clk 0:12:46]} 31... Rxc5 {[%clk 0:06:03]} 32. Rxd7 {[%clk
0:12:42]} 32... Rxe5 {[%clk 0:06:28]} 33. Rxa7 {[%clk 0:11:45]} 33... b4 {[%clk
0:06:53]} 34. Nd5 {[%clk 0:11:38]} 34... Rxe4 {[%clk 0:06:26]} 35. b3 { [%clk
0:10:20]} 35... Re5 {[%clk 0:01:41]} 36. Nxb4 {[%clk 0:10:21]} 36... Rxf5
{[%clk 0:02:05]} 37. Nc6 {[%clk 0:09:59]} 1-0